Normal view
MARC view
- English language
Entry Topical Term
001 - CONTROL NUMBER
- control field: 119806
003 - CONTROL NUMBER IDENTIFIER
- control field: NUST
005 - DATE AND TIME OF LATEST TRANSACTION
- control field: 20231226161024.0
008 - FIXED-LENGTH DATA ELEMENTS
- fixed length control field: 231226|| aca||aabn | a|a d
040 ## - CATALOGING SOURCE
- Original cataloging agency: NUST
- Transcribing agency: NUST
150 ## - HEADING--TOPICAL TERM
- Topical term or geographic name entry element: English language
670 ## - SOURCE DATA FOUND
- Source citation: Work cat.: (NUST)607352: Ferozsons English to English and Urdu dictionary/, [1973]
